Product 48 (IZ*ONE) - Qui a débuté ? - Statistiques

Statistiques générales
  • Ce quiz a été pris 14 fois
    11 depuis la dernière actualisation
  • Le résultat moyen est 14 sur 41
Statistiques - réponses
Hint Réponse % Correct
IZ*ONE Chaewon
100%
Le Sserafim Chaewon
100%
IZ*ONE Sakura
100%
Le Sserafim Sakura
100%
IZ*ONE Wonyoung
100%
IVE Wonyoung
100%
IZ*ONE Yena
90%
IZ*ONE Chaeyeon
80%
IZ*ONE Nako
80%
IVE Yujin
80%
Le Sserafim Yunjin
80%
IZ*ONE Yuri
80%
IZ*ONE Eunbi
70%
IZ*ONE Hitomi
70%
SAYMYNAME Hitomi
70%
IZ*ONE Minju
70%
Everglow Yiren
30%
Everglow Sihyeon
20%
Kepl1er Dayeon
10%
PURPLE KISS Na Goeun
10%
Alice Chaejeong
0%
LIGHTSUM Chowon
0%
bugAboo Choyeon
0%
QueenzEye Damin
0%
Fanatics Doah
0%
bugAboo Eunchae
0%
Aqua Haesol
0%
Cherry Bullet Haeyoon
0%
PURPLE KISS Jieun
0%
SECRET NUMBER Jinny
0%
General Production Juri
0%
Rocket Punch Juri
0%
SECRET NUMBER Minji
0%
LIGHTSUM Nayoung
0%
H1-Key Seunghyeon
0%
Rocket Punch Sohee
0%
Rocket Punch Suyun
0%
AIM Wang Ke
0%
Gen1es Wang Ke
0%
BlingBling Yubin
0%
LIGHTSUM Yujeong
0%
Aucun quiz correspondant
Distribution des résultats
% des personnes avec chaque résultat
Percentile par nombre de réponses
Votre historique - résultats
Vous n’avez pas pris ce quiz depuis la dernière actualisation